Construcciones de hormigón en el campo

Enregistré dans:
Détails bibliographiques
Auteur principal: Parada Salinas, Oscar (autor)
Format: Livre
Langue:espagnol
Publié: Santiago El Instituto 1984
Sujets:
Tags: Ajouter un tag
Pas de tags, Soyez le premier à ajouter un tag!

MARC

LEADER 00000nam a2200000 a 4500
001 UCV8589
003 CL-VaPUC
008 911015e19840000CL |||||||||||||||||spa|d
082 0 4 |a 693.5  |b PAR  |2 21 
100 |a Parada Salinas, Oscar  |e autor  |9 302621 
245 1 0 |a Construcciones de hormigón en el campo 
300 |a 48 p 
942 |c BK 
945 |d 19911015 00:00:00 
260 |a Santiago  |b El Instituto  |c 1984 
650 7 |a CONSTRUCCIONES DE HORMIGON  |2 CL-VaPUC  |9 262574 
650 0 |a Diseño y construcción  |9 260862 
583 |a last modification  |c 19911015 00:00:00  |k Rodrigo Vera 
999 |c 214079  |d 214077 
952 |0 0  |1 0  |4 0  |6 693_500000000000000_PAR_1984  |7 0  |8 A  |9 197117  |a BIBARQ  |b BIBARQ  |d 2019-11-14  |i 2648482  |o 693.5 PAR 1984  |p 2648482  |r 2025-01-20  |w 2019-11-14  |y BK  |k ARQ 
952 |0 0  |1 0  |4 0  |6 693_500000000000000_PAR_1984  |7 0  |8 A  |9 197118  |a BIBING  |b BIBING  |d 2019-11-14  |i 1706470  |o 693.5 PAR 1984  |p 1706470  |r 2025-01-20  |w 2019-11-14  |y BK  |k CCL 
952 |0 0  |1 0  |4 0  |6 693_500000000000000_PAR_1984  |7 0  |8 A  |9 197119  |a BIBING  |b BIBING  |d 2019-11-14  |i 1706489  |o 693.5 PAR 1984  |p 1706489  |r 2025-01-20  |w 2019-11-14  |y BK  |k CCL 
952 |0 0  |1 0  |4 0  |6 693_500000000000000_PAR_1984  |7 0  |8 A  |9 197120  |a BIBING  |b BIBING  |d 2019-11-14  |i 1706497  |o 693.5 PAR 1984  |p 1706497  |r 2025-01-20  |w 2019-11-14  |y BK  |k CCL 
952 |0 0  |1 0  |4 0  |6 693_500000000000000_PAR_1984  |7 0  |8 A  |9 197121  |a BIBING  |b BIBING  |d 2019-11-14  |i 1706500  |o 693.5 PAR 1984  |p 1706500  |r 2025-01-20  |w 2019-11-14  |y BK  |k CCL 
952 |0 0  |1 0  |4 0  |6 693_500000000000000_PAR_1984  |7 0  |8 A  |9 197122  |a BIBING  |b BIBING  |d 2019-11-14  |i 1706519  |o 693.5 PAR 1984  |p 1706519  |r 2025-01-20  |w 2019-11-14  |y BK  |k CCL 
952 |0 0  |1 0  |4 0  |6 693_500000000000000_PAR_1984  |7 0  |8 A  |9 197123  |a BIBING  |b BIBING  |d 2019-11-14  |i 1706527  |o 693.5 PAR 1984  |p 1706527  |r 2025-01-20  |w 2019-11-14  |y BK  |k CCL 
952 |0 0  |1 0  |4 0  |6 693_500000000000000_PAR_1984  |7 0  |8 A  |9 197124  |a BIBING  |b BIBING  |d 2019-11-14  |i 1706535  |o 693.5 PAR 1984  |p 1706535  |r 2025-01-20  |w 2019-11-14  |y BK  |k CCL 
952 |0 0  |1 0  |4 0  |6 693_500000000000000_PAR_1984  |7 0  |8 A  |9 197125  |a BIBING  |b BIBING  |d 2019-11-14  |i 1706543  |o 693.5 PAR 1984  |p 1706543  |r 2025-01-20  |w 2019-11-14  |y BK  |k CCL 
952 |0 0  |1 0  |4 0  |6 693_500000000000000_PAR_1984  |7 0  |8 A  |9 197126  |a BIBING  |b BIBING  |d 2019-11-14  |i 1706551  |o 693.5 PAR 1984  |p 1706551  |r 2025-01-20  |w 2019-11-14  |y BK  |k CCL 
952 |0 0  |1 0  |4 0  |6 693_500000000000000_PAR_1984  |7 0  |8 A  |9 197127  |a BIBING  |b BIBING  |d 2019-11-14  |i 170656K  |o 693.5 PAR 1984  |p 170656K  |r 2025-01-20  |w 2019-11-14  |y BK  |k CCL 
952 |0 0  |1 0  |4 0  |6 693_500000000000000_PAR_1984  |7 0  |8 A  |9 197128  |a BIBING  |b BIBING  |d 2019-11-14  |i 1706578  |o 693.5 PAR 1984  |p 1706578  |r 2025-01-20  |w 2019-11-14  |y BK  |k CCL